000 00917nam a2200265 a 4500
001 BRCA_705
005 20190320203119.0
008 930817s1992 mx-a---##b---#000-0#spa-d
020 _a9686084525
040 _aDLC
_cDLC
_dDLC
050 4 _aN6553
_b.A78 5
_c1992
100 1 _aBurke, Marcus B.
_92319
245 1 0 _aPintura y escultura en Nueva España
_bel barroco
_c[Marcus Burke ; presentación de Virginia Armella de Aspe].
260 _a[México]
_bGrupo Azabache
_cc1992
300 _a195, [1] p.
_bil. a color
_c30 cm.
440 0 _aArte novohispano
_v5
_92320
504 _aBibliografía: p. 193-[196]
650 1 4 _aArte mexicano
_92321
650 1 4 _aArte barroco
_zMéxico
_92322
650 1 4 _aArte colonial
_zMéxico
_92323
650 1 4 _aArte cristiano y simbolismo
_zMéxico
_942
650 1 4 _aIglesias
_xDecoración y ornamentación
_zMéxico
_925
700 1 _aArmella de Aspe, Virginia
_92324
942 _2lcc
_cB
999 _c608
_d608